00625nmm a2200193Ia 4500008004100000020001800041041000800059100002100067245007800088264006800166300001800234490002500252650003200277700002100309700002600330856005100356942000700407999001700414251105s9999||||xx |||||||||||||||||und|| a9789681616571 aspa aSkinner, Quentin 0aLos fundamentos del pensamiento político moderno, I :b El Renacimiento a[México D.C., Mexico] :bFondo de Cultura Económica, c2014 a335 páginas aPolítica y Derecho aPolitical Science (General) aSkinner, Quentin1 a Utrilla, Juan José uhttps://public.digitaliapublishing.com/a/43507 cCF c71500d71500